000 00779nam a2200253Ia 4500
003 OSt
005 20220925195329.0
006 a|||||r|||| 00| 0
007 ta
008 220923b |||||||| |||| 00| 0 eng d
020 _a1840642181
037 _cGeneral Book
040 _aRTL
_cRTL
_beng
041 _2eng
_aeng
082 _aU:(G:55), P1
100 _aGerrard Simon Ed.
_9141214
245 0 _aEnvironmental risk planning and management
260 _aCheltenham
_bElgar USA
_c2001
300 _axviii, 615p Bibliography chapterwise
_ccm.
490 _aManaging the Environment for Sustainable Development; 4
650 _aGeography irt Environment
_9230029
942 _hU:(G:55), P1
_cGB
_2CC
999 _c532581
_d532581